Score 0/16 Timer 04:00
5 Plays Today
% Correct
Poseidon
91.9%
Zeus
89.7%
Aphrodite
88.1%
Ares
85.2%
Eros
80.6%
Hades
77%
Athena
76.6%
Hermes
74.9%
% Correct
Dionysus
74.6%
Hera
74.2%
Helios
73.2%
Artemis
68.4%
Hephaestus
65%
Kronos
59.8%
Hestia
59.5%
Demeter
53.6%
Come Together.
Have Fun.
All Virtual.
We all need to come together. Play Sporcle's virtual live trivia to have fun, connect with people, and get your trivia on. Join a live hosted trivia game for your favorite pub trivia experience done virtually. If a virtual private party is more your thing, go here for details.

You're not logged in!

Compare scores with friends on all Sporcle quizzes.
OR
Log In

Sporcle TV

Today on Sporcle TV


Watch our educational content, quiz creation guides, and fun videos on Sporcle TV.

Show Comments

Extras

Top Quizzes Today


Score Distribution

Paid Content

Your Account Isn't Verified!

In order to create a playlist on Sporcle, you need to verify the email address you used during registration. Go to your Sporcle Settings to finish the process.

Report this User

Report this user for behavior that violates our Community Guidelines.

Details: